• 首页
  • 本馆介绍
  • 公告通知
  • 最新文献
  • 馆藏检索
  • 电子资源
  • 读者导购
  • 参考咨询
  • 我的图书馆
  • 登录
  • 详细信息显示
  • 放入我的书架
  • 预约/预借图书
  • 作者相关作品
  • 分类相关作品
  • 丛书相关作品
  • 出版社相关作品

书目信息

  • 表格格式
  • 工作单格式
  • 卡片格式
题名:
Windows NT—因特网和内网管理
    
 
作者: 赫尔德 , Held 著 ;京京翻译组 译
分册:  
出版信息: 北京   机械工业出版社  1998
页数: 335页
开本: 26cm
丛书名: Windows NT 4与Web站点资源书库
单 册:
中图分类: TP393
科图分类: 73.879
主题词: 互联网络--网络服务器 , 互联网络 , 网络服务器
电子资源:
ISBN: 7-111-06333-3
000 01187oam2 2200349 450
001 0199032150
005 20100713020635.0
010    @a7-111-06333-3@dCNY39.00
011    @a7-111-06333-3
100    @a19990225d1998 em y0chiy0110 ea
101 1  @achi@ceng
102    @aCN@b110000
105    @ay z 000yy
106    @ar
200 1  @aWindows NT—因特网和内网管理@9W i n d o w s N T — Yin Te Wang He;Huo;Hu Nei Wang Guan Li @f(美)[G.赫尔德]Gil Held等著@g京京翻译组译
210    @a北京@c机械工业出版社@d1998
215    @a335页@d26cm
225 2  @aWindows NT 4与Web站点资源书库@v2
300    @a和美国西蒙与舒斯特国际出版公司合作出版
461  0 @12001 @aWindows NT 4与Web站点资源书库
510 1  @aWindows NT Internet and Intranet administration@zeng
516 1  @aWindows NT 4 因特网和内网管理@9Windows NT 4 yin te wang he nei wang guan li
606 0  @a互联网络@x网络服务器
606 0  @a互联网络
606 0  @a网络服务器
690    @aTP393@v3
692    @a73.879@v2
701  1 @a赫尔德@9he er de@bG.@4著
701  1 @aHeld@bGil@4著
712 02 @a京京翻译组@9jing jing fan yi zu@4译
801  0 @aCN@b91MARC@c20130904
905    @aBZT@dTP393@e236@f1@sTP393/236
    
    Windows NT—因特网和内网管理/(美)[G.赫尔德]Gil Held等著/京京翻译组译.-北京:机械工业出版社,1998
    335页;26cm.-(Windows NT 4与Web站点资源书库;2)
    和美国西蒙与舒斯特国际出版公司合作出版
    
    ISBN 7-111-06333-3:CNY39.00
    
●
相关链接 在五车中查询图书 在当当中查询图书 在豆瓣中查询图书


正题名:Windows NT—因特网和内网管理     索取号:TP393/236         预约/预借

序号 登录号 条形码 馆藏地/架位号 状态 备注
1 2000043064   2000043064   旧书回溯/ [索取号:TP393/236] 在馆    
山东省滨州职业学院图书馆 欢迎您!
大连网信软件有限公司© 版权所有